000 00594nam a22002177a 4500
003 UA-OsUOA
001 73684
007 ta
008 20110314b un ||||| |||| 00| 0 ukr d
100 _aБілозір О.
090 _a32
_bБ67
942 _cSA
040 _aUA-OsUOA
_bukr
_cUA-OsUOA
_dUA-OsUOA
245 _aЗміст правового статусу діаспори зп національним законодавтсвом
300 _aС.4-7
955 _a0
041 _aukr
080 _a32
773 0 _w73682
_tВіче
_dК.
_d2011
_g4
650 7 _a32 Політика
_2UDC
999 _c359876
_d359876